[Event "AUTO-OPEN-4152"]
[Site "http://www.queenalice.com/game.php?id=1615350"]
[Date "2020.6.6"]
[Round "2"]
[White "Minerva20"]
[Black "ratorei"]
[Result "1-0"]
[WhiteElo "2179"]
[BlackElo "2105"]

1. d4 Nf6 2. Bf4 d6 3. e3 Nbd7 4. h3 e6 5. Nd2 Be7 6. Bd3 e5 7. Bh2 O-O 8. Ngf3
exd4 9. exd4 d5 10. O-O c5 11. c3 Qb6 12. Qc2 c4 13. Be2 Bd6 14. Ne5 Qc7 15. f4
b5 16. g4 Bb7 17. g5 Ne4 18. Bg4 f5 19. gxf6 Ndxf6 20. Be6+ Kh8 21. f5 Rae8 22.
Nxe4 Nxe4 23. Nd7 Bxh2+ 24. Qxh2 Qxh2+ 25. Kxh2 Nf6 26. Nxf8 Rxf8 27. a4 a6 28.
axb5 axb5 29. Ra7 Bc6 30. Rc7 Ba8 31. Rg1 Ne8 32. Rc8 Bb7 33. Rb8 Bc6 34. Ra1 g6
35. Ra6 1-0

[Event "AUTO-INT-3516"]
[Site "http://www.queenalice.com/game.php?id=1616677"]
[Date "2020.6.14"]
[Round "2"]
[White "byyonico"]
[Black "Minerva20"]
[Result "0-1"]
[WhiteElo "1489"]
[BlackElo "2155"]

1. c4 c6 2. d4 d5 3. Qa4 dxc4 4. Qxc4 Nf6 5. Bg5 Qa5+ 6. b4 Qxg5 7. Nf3 Qd5 8.
e3 Bg4 9. Nbd2 e6 10. Qxd5 cxd5 11. Be2 Bxb4 12. Rb1 Nc6 13. h3 Bxf3 14. Bxf3
Ne4 15. Rxb4 Nxb4 16. O-O Nxd2 17. Rd1 Nxf3+ 18. gxf3 O-O-O 19. Rc1+ Kb8 20. a3
Rc8 21. Rb1 Nd3 22. f4 Rc1+ 23. Rxc1 Nxc1 24. Kf1 b5 25. Ke1 Rc8 26. Kd2 a5 27.
h4 b4 28. axb4 axb4 29. f3 b3 30. e4 b2 31. Ke1 b1=Q 32. Kd2 Qd3+ 0-1

[Event "AUTO-INT-3516"]
[Site "http://www.queenalice.com/game.php?id=1616678"]
[Date "2020.6.14"]
[Round "2"]
[White "Minerva20"]
[Black "byyonico"]
[Result "1-0"]
[WhiteElo "2154"]
[BlackElo "1491"]

1. d4 d5 2. Bf4 Nf6 3. e3 Bf5 4. Nd2 Nbd7 5. h3 e6 6. Ngf3 h6 7. c3 Bd6 8. Ne5
O-O 9. g4 Bh7 10. h4 Ne4 11. g5 Nxg5 12. hxg5 Bxe5 13. dxe5 Nc5 14. gxh6 Nd3+
15. Bxd3 Bxd3 16. hxg7 Kxg7 17. Bh6+ Kg8 18. Bxf8 Qxf8 19. Qh5 Qg7 20. O-O-O Re8
21. f4 Bg6 22. Qh4 Kf8 23. Rdg1 Re7 24. Qh8+ Qxh8 25. Rxh8+ Kg7 26. Rb8 b6 27.
Nf3 f5 28. Nh4 c5 29. Nxg6 Kf7 30. Nxe7 Kxe7 31. Rg7# 1-0

[Event "AUTO-ADV-4317"]
[Site "http://www.queenalice.com/game.php?id=1617849"]
[Date "2020.6.24"]
[Round "2"]
[White "parapunzi"]
[Black "Minerva20"]
[Result "1/2-1/2"]
[WhiteElo "2669"]
[BlackElo "2254"]

1. d4 d5 2. Nf3 c6 3. g3 Nf6 4. c4 Bg4 5. Bg2 Nbd7 6. O-O e6 7. h3 Bh5 8. Qb3
Qb6 9. c5 Qxb3 10. axb3 Bxf3 11. Bxf3 e5 12. Nd2 Be7 13. b4 e4 14. Bg2 Nf8 15.
Nb3 a6 16. f3 Ne6 17. fxe4 Nxe4 18. Bxe4 dxe4 19. Bf4 O-O-O 20. Rad1 Rhf8 21. e3
Nxf4 22. gxf4 f5 23. Kf2 Rg8 24. Rg1 1/2-1/2

[Event "AUTO-ADV-4317"]
[Site "http://www.queenalice.com/game.php?id=1617850"]
[Date "2020.6.24"]
[Round "2"]
[White "Minerva20"]
[Black "parapunzi"]
[Result "0-1"]
[WhiteElo "2281"]
[BlackElo "2684"]

1. d4 Nf6 2. Bf4 d5 3. e3 c5 4. c3 e6 5. Nd2 Nc6 6. Ngf3 h6 7. Bd3 Bd6 8. Bg3
O-O 9. Ne5 Bxe5 10. Bxe5 Nxe5 11. dxe5 Nd7 12. f4 c4 13. Bb1 Qb6 14. Ke2 Qxb2
15. Qc2 Qxc2 16. Bxc2 Nc5 17. a4 Bd7 18. Rhb1 a5 19. Nf3 Bc6 20. Nd4 h5 21. Nxc6
bxc6 22. Rb6 Rfc8 23. Rab1 f6 24. exf6 gxf6 25. g3 f5 26. h4 Kf7 27. Kf2 Rc7 28.
Kg2 Rg8 29. Kf2 Ke7 30. Kf3 Kd7 31. Kf2 Rcc8 32. Kg2 Kc7 0-1

[Event "AUTO-ADV-4317"]
[Site "http://www.queenalice.com/game.php?id=1617851"]
[Date "2020.6.24"]
[Round "2"]
[White "maurice91"]
[Black "Minerva20"]
[Result "0-1"]
[WhiteElo "1727"]
[BlackElo "2178"]

1. d4 d5 2. e4 dxe4 3. f3 exf3 4. Nxf3 c5 5. d5 Nf6 6. c4 e6 7. Bg5 Be7 8. Nc3
O-O 9. Be2 exd5 10. cxd5 b6 11. O-O Bb7 12. Bc4 h6 13. Bh4 Ne8 14. Bxe7 Qxe7 15.
Re1 Qd8 16. Ne5 Nd6 17. Bf1 Nd7 18. Nc6 Bxc6 19. dxc6 Nf6 20. Nb5 Nxb5 21. Bxb5
Qc7 22. Qf3 a6 23. Bf1 b5 24. g3 Rad8 25. Bg2 Rd4 26. Rac1 c4 27. b3 Qb6 28. Kh1
Qc5 29. h3 Re8 30. Rxe8+ Nxe8 31. Re1 Nc7 32. Re2 Rd1+ 33. Kh2 Qg1# 0-1

[Event "AUTO-ADV-4317"]
[Site "http://www.queenalice.com/game.php?id=1617852"]
[Date "2020.6.24"]
[Round "2"]
[White "Minerva20"]
[Black "maurice91"]
[Result "1-0"]
[WhiteElo "2153"]
[BlackElo "1775"]

1. d4 c6 2. Bf4 d6 3. c3 Nf6 4. Nd2 Nbd7 5. e4 e5 6. Bg3 Be7 7. Ngf3 Qc7 8. h3
b6 9. Be2 Bb7 10. dxe5 dxe5 11. Qc2 O-O-O 12. Nc4 Bd6 13. O-O-O Nc5 14. Nfxe5
Rhe8 15. Nxd6+ Rxd6 16. Rxd6 Ncxe4 17. Nc4 Nxg3 18. fxg3 b5 19. Rhd1 bxc4 20.
Bxc4 Nd5 21. Qf5+ Kb8 22. Rd7 Qxg3 23. Bxd5 cxd5 24. Rxb7+ Kxb7 25. Qxf7+ 1-0

[Event "AUTO-MASTER-2943"]
[Site "http://www.queenalice.com/game.php?id=1622181"]
[Date "2020.7.30"]
[Round "2"]
[White "parapunzi"]
[Black "Minerva20"]
[Result "1-0"]
[WhiteElo "2645"]
[BlackElo "2244"]

1. e4 c6 2. d4 d5 3. Nd2 dxe4 4. Nxe4 Bf5 5. Ng3 Bg6 6. Nf3 Nd7 7. Bd3 Bxd3 8.
Qxd3 Ngf6 9. O-O e6 10. Re1 Qc7 11. Nf5 O-O-O 12. Ne3 c5 13. c3 Kb8 14. Nc4 h6
15. Bd2 1-0

[Event "AUTO-MASTER-2943"]
[Site "http://www.queenalice.com/game.php?id=1622182"]
[Date "2020.7.30"]
[Round "2"]
[White "Minerva20"]
[Black "parapunzi"]
[Result "1/2-1/2"]
[WhiteElo "2275"]
[BlackElo "2679"]

1. d4 Nf6 2. Bf4 d5 3. e3 e6 4. Nd2 c5 5. c3 Bd6 6. Bg3 O-O 7. Bd3 Qc7 8. Ngf3
Nbd7 9. O-O Bxg3 10. hxg3 h6 11. e4 dxe4 12. Bxe4 Nxe4 13. Nxe4 b6 14. dxc5 Nxc5
15. Nxc5 Qxc5 16. Qd4 Bb7 17. Qxc5 bxc5 18. c4 Bxf3 19. gxf3 Rfb8 20. b3 a5 21.
Rab1 Kf8 22. Rfd1 Ke7 1/2-1/2

[Event "AUTO-MASTER-2943"]
[Site "http://www.queenalice.com/game.php?id=1622185"]
[Date "2020.7.30"]
[Round "2"]
[White "Minerva20"]
[Black "CCapivara"]
[Result "1-0"]
[WhiteElo "2229"]
[BlackElo "2190"]

1. d4 d6 2. Bf4 Nf6 3. e3 c6 4. c3 Bg4 5. Qb3 Qc7 6. Nd2 e5 7. Bg3 Nbd7 8. Ngf3
Be7 9. Be2 O-O 10. O-O Nh5 11. dxe5 dxe5 12. Qc2 Nxg3 13. hxg3 Rad8 14. Ng5 Bxg5
15. Bxg4 Nf6 16. Be2 Nd5 17. Ne4 Be7 18. g4 Rd7 19. g5 Qd8 20. Bg4 Rc7 21. c4
Nb6 22. Rad1 Qb8 23. Qc3 f5 24. gxf6 Bxf6 25. c5 Nc8 26. Be6+ Kh8 27. f4 exf4
28. Nxf6 gxf6 29. Rd8 1-0

[Event "AUTO-MASTER-2943"]
[Site "http://www.queenalice.com/game.php?id=1622186"]
[Date "2020.7.30"]
[Round "2"]
[White "CCapivara"]
[Black "Minerva20"]
[Result "0-1"]
[WhiteElo "2212"]
[BlackElo "2243"]

1. e4 c6 2. d4 d5 3. exd5 cxd5 4. Nf3 Nc6 5. Bd3 Bg4 6. c3 e6 7. O-O Nf6 8. Bg5
Be7 9. Nbd2 O-O 10. Qa4 h6 11. Bh4 Bxf3 12. Nxf3 Qc7 13. Rae1 Nd7 14. Bxe7 Nxe7
15. Ne5 Nxe5 16. Rxe5 Rab8 17. f4 b5 18. Qd1 b4 19. Qf3 bxc3 20. bxc3 g6 21. Bc2
Rfc8 22. Re3 Rb2 23. Bb3 Nf5 24. Rd3 Nh4 25. Qh3 Rxg2+ 26. Kh1 Qd8 27. Re3 Rb2
28. Rg3 Nf5 29. Rg4 a5 30. Rg2 Rxg2 31. Kxg2 Qh4 32. Qd3 Qg4+ 33. Kh1 Nh4 34.
Rf2 Qf5 35. Qxf5 Nxf5 36. Rc2 Kg7 37. Kg1 Kf6 38. Kf2 g5 39. fxg5+ hxg5 40. Ke2
Rh8 41. Ke1 Rh3 42. Kf1 Ne3+ 0-1

[Event "AUTO-ADV-4318"]
[Site "http://www.queenalice.com/game.php?id=1635252"]
[Date "2020.12.3"]
[Round "2"]
[White "MHRangel"]
[Black "Minerva20"]
[Result "0-1"]
[WhiteElo "1920"]
[BlackElo "2265"]

1. d4 d5 2. c4 c6 3. cxd5 cxd5 4. e3 Bf5 5. Nc3 e6 6. Bb5+ Nc6 7. Bxc6+ bxc6 8.
Nge2 Nf6 9. O-O Bd6 10. Qa4 Qb6 11. b3 O-O 12. Ba3 Qc7 13. Bxd6 Qxd6 14. b4 Nd7
15. a3 Nb6 16. Qd1 Nc4 17. Na4 a5 18. bxa5 Rxa5 19. Nc5 Rxa3 20. Rxa3 Nxa3 21.
Qa4 Nc4 22. Nc3 Rb8 23. e4 Nd2 24. e5 Qe7 25. Ra1 h5 26. Qxc6 Qg5 27. Ra8 Bh3
28. g3 Nf3+ 0-1

[Event "AUTO-ADV-4318"]
[Site "http://www.queenalice.com/game.php?id=1635253"]
[Date "2020.12.3"]
[Round "2"]
[White "Minerva20"]
[Black "MHRangel"]
[Result "1-0"]
[WhiteElo "2272"]
[BlackElo "1963"]

1. d4 c6 2. c4 g6 3. Nc3 Bg7 4. e4 d6 5. Nf3 Nf6 6. Be2 O-O 7. O-O Bg4 8. Be3
Bxf3 9. Bxf3 Nbd7 10. b4 a6 11. Qb3 Nb6 12. c5 Nc8 13. d5 cxd5 14. exd5 Ne8 15.
Rac1 Qd7 16. Rfd1 Be5 17. c6 Qc7 18. b5 bxc6 19. b6 Nxb6 20. Bxb6 Qb8 21. dxc6
Nc7 22. Bxc7 Qxc7 23. Nd5 Qb8 24. Nxe7+ Kg7 25. c7 Qe8 26. Bxa8 Qxe7 27. c8=Q
Rxc8 28. Rxc8 h5 29. Bd5 Qf6 30. Rc7 Kh6 31. Rxf7 Qh8 32. Qe3+ g5 33. h4 Bf6 34.
hxg5+ 1-0

[Event "AUTO-ADV-4318"]
[Site "http://www.queenalice.com/game.php?id=1635256"]
[Date "2020.12.3"]
[Round "2"]
[White "Minerva20"]
[Black "LuisGabriel_HD"]
[Result "1-0"]
[WhiteElo "2267"]
[BlackElo "2038"]

1. d4 d5 2. Bf4 Nc6 3. e3 a6 4. c4 Nf6 5. Nc3 Bg4 6. Qb3 Ra7 7. cxd5 Na5 8. Qa4+
Bd7 9. Qxa5 b6 10. Qa3 e5 11. Qb3 exd4 12. exd4 Qe7+ 13. Be2 Bg4 14. h3 Bf5 15.
Nf3 h6 16. O-O Ne4 17. Rfe1 Qf6 18. Nxe4 Bxe4 19. Bd3 Be7 20. Rxe4 O-O 21. Be5
Qg6 22. Rh4 Qxg2+ 23. Kxg2 Bxh4 24. Nxh4 Kh8 25. Qb4 Re8 26. Qd2 Rxe5 27. dxe5
a5 28. Nf5 Kg8 29. Nxh6+ gxh6 30. Qxh6 Rb7 31. Rg1 f5 32. e6 c5 33. Kf3+ 1-0

[Event "AUTO-OPEN-4152"]
[Site "http://www.queenalice.com/game.php?id=1636434"]
[Date "2020.12.14"]
[Round "3"]
[White "RaulSoft"]
[Black "Minerva20"]
[Result "1/2-1/2"]
[WhiteElo "2655"]
[BlackElo "2276"]

1. d4 d5 2. c4 c6 3. Nf3 Nf6 4. e3 Bf5 5. Nc3 e6 6. Nh4 Bg6 7. Nxg6 hxg6 8. Qb3
Qb6 9. Be2 Qxb3 10. axb3 Bb4 11. Bd2 Nbd7 12. O-O O-O 13. Rfd1 a5 14. h4 Rfe8
15. Kf1 Kf8 16. g4 b6 17. Be1 Rec8 18. f3 Ke7 19. g5 Ne8 20. cxd5 exd5 21. e4
Nf8 22. exd5 Bxc3 23. bxc3 cxd5 24. c4 Ne6 25. Bg3 Rd8 26. Be5 f6 27. Bh2 Rac8
28. cxd5 Rxd5 29. Bc4 Rxd4 30. Re1 Rcxc4 31. bxc4 Rxh4 32. Bg1 Rxc4 33. Bxb6 a4
34. Ra2 fxg5 35. Bd8+ Kf7 36. Rd2 N8c7 37. Rd7+ Kf8 38. Re4 Rxe4 39. fxe4 Nxd8
40. Rxc7 Ne6 41. Rc4 a3 42. Ke2 g4 43. Ra4 Nc5 44. Ra8+ Kf7 45. Ke3 g3 46. Rxa3
g2 47. Ra1 Kf6 48. Rc1 g5 49. Rg1 Ke5 50. Rxg2 Nxe4 51. Rg4 Nd6 52. Rxg5+ Kf6
53. Kf4 g6 54. Rg2 Nf7 55. Rf2 Nh6 56. Rg2 Nf7 57. Rf2 Nh6 58. Ke4+ Nf5 59. Kd5
Kg5 60. Ke5 Nh4 61. Rf1 Kh5 62. Kf6 g5 63. Rg1 g4 64. Rg3 Nf3 65. Kf5 Nd4+ 66.
Ke4 Kh4 67. Rg2 Kh3 68. Rb2 g3 69. Rb8 g2 70. Rh8+ Kg3 71. Rg8+ Kh2 72. Kxd4
g1=Q+ 73. Rxg1 Kxg1 74. Ke3 Kg2 75. Ke2 Kg3 76. Ke3 Kg4 77. Ke4 Kg3 78. Ke5 Kf3
1/2-1/2

[Event "AUTO-OPEN-4152"]
[Site "http://www.queenalice.com/game.php?id=1636435"]
[Date "2020.12.14"]
[Round "3"]
[White "Minerva20"]
[Black "RaulSoft"]
[Result "0-1"]
[WhiteElo "2282"]
[BlackElo "2650"]

1. d4 d5 2. Bf4 c5 3. e3 Nc6 4. c3 Nf6 5. Nd2 Bf5 6. Qb3 Qc8 7. Ngf3 c4 8. Qd1
h6 9. Be2 b5 10. O-O e6 11. Ne5 Be7 12. Nxc6 Qxc6 13. b3 O-O 14. a4 a6 15. axb5
axb5 16. b4 Rxa1 17. Qxa1 Ra8 18. Qb2 Qa6 19. Qc1 Qa3 20. Bf3 g5 21. Bg3 g4 22.
Be2 Qxc1 23. Rxc1 Ra2 0-1

[Event "AUTO-OPEN-4152"]
[Site "http://www.queenalice.com/game.php?id=1636436"]
[Date "2020.12.14"]
[Round "3"]
[White "Nguxi59"]
[Black "Minerva20"]
[Result "1-0"]
[WhiteElo "2559"]
[BlackElo "2286"]

1. e4 c6 2. d4 d5 3. Nc3 dxe4 4. Nxe4 Bf5 5. Ng3 Bg6 6. h4 h6 7. Nf3 Nd7 8. h5
Bh7 9. Bd3 Bxd3 10. Qxd3 e6 11. Bd2 Qc7 12. O-O-O Ngf6 13. Ne4 O-O-O 14. g3 Nxe4
15. Qxe4 Nf6 16. Qe2 Bd6 17. c4 c5 18. Bc3 cxd4 19. Nxd4 a6 20. Kb1 Kb8 21. Nb3
1-0

[Event "AUTO-OPEN-4152"]
[Site "http://www.queenalice.com/game.php?id=1636437"]
[Date "2020.12.14"]
[Round "3"]
[White "Minerva20"]
[Black "Nguxi59"]
[Result "0-1"]
[WhiteElo "2280"]
[BlackElo "2562"]

1. d4 Nf6 2. Bf4 d5 3. e3 c5 4. c3 Nc6 5. Nd2 Bf5 6. Qb3 Qd7 7. Ngf3 c4 8. Qd1
e6 9. Be2 b5 10. O-O Bd6 11. Bxd6 Qxd6 12. b3 O-O 13. a4 a6 14. axb5 axb5 15.
Nh4 Be4 16. f3 Rxa1 17. Qxa1 Bc2 18. Qb2 cxb3 19. g3 Na5 20. Bxb5 Qb6 21. Be2
Ne8 22. Ng2 Nd6 0-1